000 00807nam a22002057a 4500
999 _c9733
_d9733
003 AR-CdUCM
008 190328b ||||| |||| 00| 0 spa d
040 _aMUNICIPALIDAD PROVINCIAL DEL CUSCO
_cBIBLIOTECA MUNICIPAL DEL CUSCO
082 _a330.1 /
_bL45 /1936
100 _aLenin, V. I.
_94963
245 _aEl imperialismo etapa superior del capitalismo :
_bTraduccion de la ultima edición del instituto Marx - Engels - Lenin de Moscú /
260 _aRusia :
_bAlfa,
_c1936.
300 _a202 páginas ;
_c16 cm.
505 _aContenido : Nota del editor -- Prólogo -- Prefacio a las ediciones francesa y alemana -- La concentración de la producción y los monopolios ...
650 _aCapitalismo
_93221
650 _aMarx
_94291
650 _aLenin
_92073
942 _2ddc
_cLIBROS
945 _arah